000 00736nam a2200301Ia 4500
001 16391
003 IT-RoPAU
008 130308s9999 xx 000 0 und d
040 _aIT-RoPAU
040 _cIT-RoPAU
041 _aFRANCESE
100 _aBarthes Roland
100 _gCodice Aut. SPICS: 9514
245 _aMere courage aveugle
245 _bTheatre (Le)
250 _a1a ed.
260 _aPARIS
260 _bLarousse
260 _c1978 [1° Ed.:1978 - Ed.Ling.Originale:]
300 _a"3 p. (prefazione: no ; testo: 3 [pagine: 116-118])"
500 _aMadre Coraggio
650 _aSAGGI DI TEATRO
650 _eCodice materia Spics: 8411
942 _cBK
957 _71
999 _c62733
_d62733
999 _bSI
999 _g1